Propuesta de un programa de acción cívica para la Implementación de asistencia médica en la frontera sur para envejecientes y discapacitados en coordinación con el Ministerio de Salud Pública / (Registro nro. 1080)
[ vista simple ]
| 000 -CABECERA | |
|---|---|
| campo de control de longitud fija | 02089nam a22002657a 4500 |
| 003 - IDENTIFICADOR DEL NÚMERO DE CONTROL | |
| campo de control | OSt |
| 005 - FECHA Y HORA DE LA ÚLTIMA TRANSACCIÓN | |
| campo de control | 20190718193145.0 |
| 008 - DATOS DE LONGITUD FIJA--INFORMACIÓN GENERAL | |
| campo de control de longitud fija | 170209b xxu||||| |||| 00| 0 esp d |
| 040 ## - FUENTE DE LA CATALOGACIÓN | |
| Centro/agencia transcriptor | DO-SdBJH |
| Centro catalogador/agencia de origen | DO-SdBJH |
| Lengua de catalogación | spa |
| 090 ## - LOCALMENTE ASIGNADO TIPO-LC NÚMERO DE CLASIFICACIÓN (OCLC); NÚMERO DE CLASIFICACIÓN LOCAL (RLIN) | |
| Número de clasificación (OCLC) (R) ; Numero de clasificación, CALL (RLIN) (NR) | TG EGCEMC |
| Número cutter local (OCLC) ; Número de libro/Signatura topográfica íntegra, CALL (RLIN) | 00759 2014 |
| 100 1# - ENTRADA PRINCIPAL--NOMBRE DE PERSONA | |
| Nombre de persona | Mejía Díaz, Jow Lee |
| Término indicativo de función/relación | sustentante |
| 245 10 - MENCIÓN DE TÍTULO | |
| Título | Propuesta de un programa de acción cívica para la Implementación de asistencia médica en la frontera sur para envejecientes y discapacitados en coordinación con el Ministerio de Salud Pública / |
| Mención de responsabilidad, etc. | Jow Lee Mejía Díaz, asesores Fanny Torres, José Joaquín Valenzuela Martínez |
| 260 ## - PUBLICACIÓN, DISTRIBUCIÓN, ETC. | |
| Lugar de publicación, distribución, etc. | Santo Domingo : |
| Nombre del editor, distribuidor, etc. | INSUDE, |
| Fecha de publicación, distribución, etc. | 2014 |
| 300 ## - DESCRIPCIÓN FÍSICA | |
| Extensión | xii, 65 páginas, ilustraciones-tablas y gráficas |
| 502 ## - NOTA DE TESIS | |
| Nota de tesis | Tesis (Especialidad en Comando y Estado Mayor Conjunto). -- Instituto Superior para la Defensa (INSUDE). Escuela de Graduados en Comando y Estado Mayor “General de División Gregorio Luperón”, 2014.<br/> |
| 504 ## - NOTA DE BIBLIOGRAFÍA, ETC. | |
| Nota de bibliografía, etc. | Incluye referencias bibliográficas e índices |
| 505 ## - NOTA DE CONTENIDO CON FORMATO | |
| Nota de contenido con formato | Participación del Ejército de República Dominicana desde sus inicios en la conducción de asistencia médica como parte de los programas de acción cívica. -- Características del sector salud en las provincias que conforman la frontera sur de República Dominicana. -- Asistencia médica como parte de los Programas de acción cívica en el Ejército de República Dominicana. -- Programa de acción cívica para la implementación de asistencia médica en la frontera sur para envejecientes y discapacitados en coordinación con el ministerio de salud pública.<br/> |
| 650 #4 - PUNTO DE ACCESO ADICIONAL DE MATERIA--TÉRMINO DE MATERIA | |
| Término de materia o nombre geográfico como elemento de entrada | Asistencia médica -- Aspectos sociales -- Discapacitados, envejecientes |
| 650 #4 - PUNTO DE ACCESO ADICIONAL DE MATERIA--TÉRMINO DE MATERIA | |
| Término de materia o nombre geográfico como elemento de entrada | Ejército Nacional cooperación -- Salud publica -- Ayuda frontera |
| 651 #4 - PUNTO DE ACCESO ADICIONAL DE MATERIA--NOMBRE GEOGRÁFICO | |
| Nombre geográfico | República Dominicana-Ejército Nacional-acción civica |
| 700 1# - PUNTO DE ACCESO ADICIONAL--NOMBRE DE PERSONA | |
| Nombre de persona | Torres, Fanny |
| Término indicativo de función/relación | asesor |
| 700 1# - PUNTO DE ACCESO ADICIONAL--NOMBRE DE PERSONA | |
| Nombre de persona | Valenzuela Martínez, José Joaquín |
| Término indicativo de función/relación | asesor |
| 830 ## - PUNTO DE ACCESO ADICIONAL DE SERIE-TÍTULO UNIFORME | |
| Título uniforme | INSUDE. Escuela de Graduados en Comando y Estado Mayor “General de División Gregorio Luperón”. Tesis y disertaciones academicas |
| 942 ## - ELEMENTOS DE PUNTO DE ACCESO ADICIONAL (KOHA) | |
| Fuente del sistema de clasificación o colocación | Clasificación Local |
| Tipo de ítem Koha | Tesis |
| Estado de retiro | Estado de pérdida | Fuente del sistema de clasificación o colocación | Estado dañado | No para préstamo | Código de colección | Localización permanente | Ubicación/localización actual | Fecha de adquisición | Número de inventario | Total de préstamos | Signatura topográfica completa | Código de barras | Fecha visto por última vez | Número de copia | Precio válido a partir de | Tipo de ítem Koha |
|---|---|---|---|---|---|---|---|---|---|---|---|---|---|---|---|---|
| Clasificación Local | Préstamo Interno | Trabajos de Grado e Investigción | SIBM UNADE - Biblioteca Sede Central | SIBM UNADE - Biblioteca Sede Central | 02/09/2017 | 14-00759 | TG EGCEMC 00759 2014 | 14-00759 | 10/06/2018 | e.1 | 02/09/2017 | Tesis |
